[Event "Otocec Krka Terme op"]
[Site "Otocec"]
[Date "2021.07.06"]
[Round "5"]
[White "Radej, Filip"]
[Black "Novak, Simona"]
[Result "1-0"]
[WhiteElo "1180"]
[BlackElo "1699"]
[PlyCount "63"]
[EventDate "2021.07.03"]
[EventType "swiss"]
[EventRounds "9"]
[EventCountry "SLO"]
[SourceTitle "CBM 203 Extra"]
[Source "ChessBase"]
[SourceDate "2021.09.30"]
[SourceVersion "1"]
[SourceVersionDate "2021.09.30"]
[SourceQuality "1"]

1. d4 d5 2. Nf3 Nf6 3. c4 c6 4. e3 e6 5. a3 Nbd7 6. cxd5 Nxd5 7. Bd3 Bd6 8. Qc2 h6 9. Bd2 0-0 10. 0-0 c5 11. e4 N5b6 12. e5 Be7 13. dxc5 Nxc5 14. Be2 Nd5 15. b4 Na6 16. Nc3 b6 17. Rfd1 Nxc3 18. Qxc3 Qc7 19. Qb2 Rb8 20. Rac1 Qb7 21. h3 Nc7 22. Qd4 Rd8 23. Qg4 f5 24. Qg6 Ne8 25. Bxh6 Rxd1+ 26. Rxd1 Bd7 27. Bg5 Ba4 28. Bxe7 Qxe7 29. Ng5 Nf6 30. Rd4 Be8 31. exf6 Bxg6 32. fxe7 1-0

[Event "Otocec Krka Terme op"]
[Site "Otocec"]
[Date "2021.07.04"]
[Round "3"]
[White "Radej, Filip"]
[Black "Kozlovic, Jernej"]
[Result "0-1"]
[WhiteElo "1180"]
[BlackElo "1773"]
[PlyCount "66"]
[EventDate "2021.07.03"]
[EventType "swiss"]
[EventRounds "9"]
[EventCountry "SLO"]
[SourceTitle "CBM 203 Extra"]
[Source "ChessBase"]
[SourceDate "2021.09.30"]
[SourceVersion "1"]
[SourceVersionDate "2021.09.30"]
[SourceQuality "1"]

1. d4 d5 2. c4 c6 3. Nf3 Nf6 4. Nc3 Bf5 5. cxd5 cxd5 6. Bf4 e6 7. a3 Be7 8. e3 0-0 9. Bd3 Bxd3 10. Qxd3 Nc6 11. 0-0 Rc8 12. Rac1 Na5 13. Rc2 Nc4 14. Ne5 Qa5 15. Nxc4 Rxc4 16. Rfc1 Rfc8 17. Bg5 a6 18. Bxf6 Bxf6 19. h3 Qc7 20. Rb1 b5 21. f4 g6 22. Ra1 Be7 23. Kf2 Qc6 24. Rd2 Kg7 25. Kg1 Bxa3 26. Nxb5 Rc1+ 27. Rxc1 Qxc1+ 28. Rd1 Qxb2 29. Rb1 Rc1+ 30. Rxc1 Qxc1+ 31. Kh2 axb5 32. Qxb5 Qxe3 33. Qb8 Qxd4 0-1

[Event "Otocec Krka Terme op"]
[Site "Otocec"]
[Date "2017.11.10"]
[Round "5"]
[White "Bizjak, Alja"]
[Black "Radej, Filip"]
[Result "0-1"]
[WhiteElo "1505"]
[BlackElo "1135"]
[PlyCount "84"]
[EventDate "2017.11.02"]
[EventType "swiss"]
[EventRounds "9"]
[EventCountry "SLO"]
[SourceTitle "EXT 2019"]
[Source "ChessBase"]
[SourceDate "2018.10.10"]
[SourceVersion "1"]
[SourceVersionDate "2018.10.10"]
[SourceQuality "1"]

1. g3 e5 2. Bg2 Nc6 3. d3 Nf6 4. e4 Bc5 5. h3 d5 6. exd5 Nxd5 7. Bxd5 Qxd5 8. Qf3 Qxf3 9. Nxf3 0-0 10. Be3 Bxe3 11. fxe3 f5 12. Nc3 e4 13. dxe4 fxe4 14. Ng1 Be6 15. a3 Rad8 16. Rd1 Rxd1+ 17. Nxd1 Bc4 18. Nf2 Ne5 19. b3 Bb5 20. a4 Bc6 21. Ne2 Nf3+ 22. Kf1 Rd8 23. Kg2 Rd2 24. Nc1 Rxc2 25. Rd1 h6 26. h4 Kf7 27. Rf1 b5 28. Kh3 bxa4 29. bxa4 Ke6 30. Ng4 Bd7 31. Nf2 Ke5+ 32. Kg2 Bxa4 33. Rd1 Rxf2+ 34. Kxf2 Bxd1 35. Ne2 Bxe2 36. Kg2 a5 37. Kf2 a4 38. Kg2 a3 39. Kf2 a2 40. Kg2 a1Q 41. Kh3 Qh1+ 42. Kg4 Ne1# 0-1

[Event "SLO-ch U12"]
[Site "Ptuj"]
[Date "2017.02.28"]
[Round "3"]
[White "Rajh, Tinej"]
[Black "Radej, Filip"]
[Result "1/2-1/2"]
[WhiteElo "1286"]
[BlackElo "1653"]
[PlyCount "132"]
[EventDate "2017.02.27"]
[EventType "swiss"]
[EventRounds "9"]
[EventCountry "SLO"]
[SourceTitle "CBM 177 Extra"]
[Source "ChessBase"]
[SourceDate "2017.04.27"]
[SourceVersion "1"]
[SourceVersionDate "2017.04.27"]
[SourceQuality "1"]

1. d4 d5 2. c4 c6 3. Nc3 Nf6 4. Bg5 e6 5. e3 Bb4 6. a3 Bxc3+ 7. bxc3 h6 8. Bh4 Nbd7 9. Nf3 Qc7 10. Rc1 b6 11. cxd5 cxd5 12. Bd3 a5 13. 0-0 Ba6 14. Bxa6 Rxa6 15. Qd3 Ra8 16. Rb1 0-0 17. Rb5 Rab8 18. Bg3 Qc6 19. Bxb8 Rxb8 20. Rfb1 Ne4 21. Rc1 Rc8 22. h3 Nxc3 23. Rxc3 Qxc3 24. Qxc3 Rxc3 25. Ne5 Nxe5 26. dxe5 Rxa3 27. Rxb6 Ra1+ 28. Kh2 a4 29. Kg3 a3 30. Ra6 Kf8 31. Kf4 Ke7 32. Ra7+ Ke8 33. e4 dxe4 34. Kxe4 Ra2 35. Ke3 g5 36. f4 Rxg2 37. fxg5 hxg5 38. Kf3 Ra2 39. Kg4 Rg2+ 40. Kf3 Ra2 41. Kg4 f5+ 42. exf6 Ra1 43. Kxg5 Rg1+ 44. Kf4 Rf1+ 45. Ke5 a2 46. Rxa2 Re1+ 47. Kf4 Rf1+ 48. Kg5 Rg1+ 49. Kh4 e5 50. Re2 Kf7 51. Rxe5 Kxf6 52. Re3 Kf7 53. Kh5 Rg8 54. Rf3+ Ke6 55. Kh4 Rg7 56. Rf8 Ke5 57. Rh8 Ke6 58. Kh5 Kf7 59. h4 Rg6 60. Rh7+ Rg7 61. Kh6 Rxh7+ 62. Kxh7 Kf8 63. h5 Kf7 64. h6 Kf8 65. Kh8 Kf7 66. h7 Kf8 1/2-1/2